[Event "Leon 17th"]
[Site "Leon"]
[Date "2004.06.04"]
[Round "1.3"]
[White "Vallejo Pons, Francisco"]
[Black "Svidler, Peter"]
[Result "0-1"]
[WhiteElo "2666"]
[BlackElo "2733"]
[Annotator "Roiz,M"]
[PlyCount "38"]
[EventDate "2004.06.04"]
[EventType "k.o. (rapid)"]
[EventRounds "2"]
[EventCountry "ESP"]
[SourceTitle "CBM 102"]
[Source "ChessBase"]
[SourceDate "2004.09.23"]
[SourceVersion "1"]
[SourceVersionDate "2004.09.23"]
[SourceQuality "1"]

1. d4 Nf6 2. Bg5 Ne4 3. Bf4 c5 4. d5 Qb6 {That actual position can also arise
by another order of moves:1.d4 Nf6 2.Bg5 c5 3.d5 Ne4 4.Bf4 Qb6.} 5. Bc1 {
White's play looks a bit strange,as all his pieces are not developed. On the
other hand,he is ready to push black's knight with a tempo by f2-f3,so black
has to play energetically in order to exploit his development advantage.} ({
Another option is sacrifice:} 5. Nd2 Nxd2 ({or} 5... Qxb2 6. Nxe4 Qb4+ 7. Qd2
Qxe4) 6. Bxd2 Qxb2 7. e4 $44) 5... e6 6. f3 Qa5+ 7. c3 (7. Nd2 Nf6 8. dxe6 dxe6
(8... fxe6 $5 9. e4 d5) 9. e4 Nc6 10. Nh3 Be7 11. Be2 O-O 12. O-O e5 13. Nf2
Nd4 14. Bd3 Qc7 15. c3 Ne6 $11 {1/2-1/2 Hodgson,J-Hracek,Z/Germany 1999/
GER-chT (20)}) 7... Nf6 8. e4 d6 9. Bg5 $6 {As the following game shows, that
move can hardly cause any problems, as the exchange on f6 is not a threat at
all.} ({I would prefer to prepare c3-c4:} 9. Bd2 Qb6 10. c4 Qxb2 11. Nc3 Qb6
12. f4 e5 13. f5 Qd8 14. Nf3 g6 15. Bd3 $44 {1/2-1/2 Szymanski,M-Ni Hua/Artek
1999/EXT 2000 (37)}) 9... Be7 $1 $146 {[%mdl 8] That move is the most logical,
as it doesn't allows white to destroy black's pawn structure on the k-side.} (
9... exd5 10. Bxf6 gxf6 11. Qxd5 Nc6 12. Na3 Be6 13. Qd2 O-O-O 14. Bc4 Ne5 15.
Bd5 f5 16. Bxe6+ fxe6 17. exf5 exf5 18. O-O-O $14 {1/2-1/2 Stefanova,
A-Holmsten,A/Reykjavik 2002/CBM 87 ext (117)}) 10. Bc4 $2 {The bishop is
vulnerable here, and it allows black to develop a serious initiative.} (10. Nd2
exd5 11. exd5 O-O 12. Nc4 Qd8 $15) ({More to the point was:} 10. dxe6 $142 Bxe6
({after} 10... fxe6 11. Bxf6 Bxf6 12. Qxd6 {black's compensation is not that
obvious.}) 11. Na3 O-O 12. Bc4 Nc6 13. Ne2 d5 14. exd5 (14. Bxf6 dxc4 15. Bxe7
Nxe7 16. O-O Rfd8 17. Qe1 f6 $15 {[%csl Ra3]}) 14... Nxd5 15. Bxe7 Ncxe7 16.
Qb3 $11) 10... b5 $1 {Pushing white's bishop from an active position.} 11. Be2
O-O {Black is already ahead in development,so his prospects are better!} 12.
Na3 (12. Nh3 exd5 13. Bxf6 Bxf6 14. Qxd5 Qb6 15. Nf4 Nc6 $1 $36) 12... a6 ({
Weaker was} 12... c4 $6 13. Nc2 Nbd7 14. Nd4 {[%cal Gd4c6]}) 13. dxe6 {That
move helps black to complete development.} ({Badly was also} 13. Qd2 exd5 14.
exd5 Nbd7 15. Nc2 Nb6 16. Ne3 Re8 $17 {and it's not easy for white to conplete
the development,while ''d5'' is hanging.}) ({or} 13. Nc2 exd5 14. Bxf6 Bxf6 15.
Qxd5 Qb6 16. Qd2 Nc6 $17) 13... Bxe6 14. Nh3 {That move leads to a very hard
position, but I don't see another way to complete development.} (14. f4 {
fails to:} Re8 15. Bf3 Nxe4 $1 16. Bxe4 Bxg5 17. Ne2 d5 $17) 14... Bxh3 15.
gxh3 Nc6 16. Rg1 ({Black has also a great strategical advantage after} 16. O-O
Rad8 {[%cal Gd6d5] because white's knight is out of play and white has no
compensation for weaknesses of his pawn structure.}) (16. Nc2 Rad8 17. Bxf6
Bxf6 18. Ne3 Bh4+ 19. Kf1 Ne7 $17) 16... Rfe8 $2 {That move is too slowly,as
d6-d5 is not a threat yet.} ({Much stronger was:} 16... Rfd8 $1 {[%cal Gd6d5]
with an effective idea of d6-d5, breaking white's centre} 17. Qd2 (17. Bh6 g6)
17... d5 18. Bxf6 Bxf6 19. exd5 Ne7 20. d6 Be5 $40 {[%csl Re1]}) 17. Bxf6 $2 {
It's clear that exchanging the dark-squared bishop cannot be good, but white
is looking for a pawn, which at least will compensate the drawbacks of his
position...} ({It was necessary to improve the placement of white's worst
piece:} 17. Nc2 $142 $1 Rad8 18. Ne3 d5 19. exd5 ({an attempt to develop
attack by:} 19. Nf5 $2 dxe4 20. Qc1 {fails to} g6 $1 ({only not} 20... exf3 $2
21. Nxg7 $1 Ne4 22. Bxf3 Bxg5 23. Nxe8 Rxe8 24. Bxe4 Rxe4+ 25. Kf2 h6 26. Rxg5+
hxg5 27. Qxg5+ Kf8 28. Qh6+ Ke7 29. Qxc6 $18) 21. Nxe7+ Nxe7 22. Bxf6 exf3 23.
Qg5 Rd5 $19) 19... Ne5 20. Kf1 Qc7 $44 {In this position black has more than a
sufficient compensation for a pawn, but white is still in the game.}) 17...
Bxf6 18. Qxd6 {Otherwise white is just lost-mainly because his king cannot
leave the centre.} Re6 19. Qg3 $2 {That loses immediately, but white could
hardly keep this position for a long time anyway.} ({The only way to continue
the fight was:} 19. Qd2 Rd8 20. Qc1 (20. Qe3 Bd4 $19) 20... Ne5 {[%cal Ge5d3,
Ge5g6]} 21. Qc2 (21. Nc2 b4 22. cxb4 (22. Ne3 bxc3 23. bxc3 Nd3+ 24. Bxd3 Rxd3
25. Rb1 Re8 26. Ke2 Rxc3 27. Qd2 Bd4 28. Nd5 (28. Nf5 Bxg1 29. Rxg1 g6 30. Nh6+
Kg7 31. Nf5+ Kh8 $19) 28... Ra3 29. Qxa5 Rxa5 $19) 22... cxb4 23. Kf1 Rc6 24.
f4 Rdc8 25. fxe5 Rxc2 26. Qxc2 Rxc2 27. exf6 Qe5 $19) 21... Red6 {but black's
domination will decide the game very soon.}) 19... Bxc3+ {The point is that
this move is just winning!} (19... Bxc3+ 20. bxc3 Qxc3+ {[%csl Ra1][%cal Gc3a1]
} 21. Kf2 Qd4+ 22. Kg2 Rg6 $19) 0-1

[Event "Leon 17th"]
[Site "Leon"]
[Date "2004.06.06"]
[Round "2.1"]
[White "Svidler, Peter"]
[Black "Shirov, Alexei"]
[Result "0-1"]
[WhiteElo "2733"]
[BlackElo "2713"]
[Annotator "Psakhis,L"]
[PlyCount "26"]
[EventDate "2004.06.04"]
[EventType "k.o. (rapid)"]
[EventRounds "2"]
[EventCountry "ESP"]
[SourceTitle "CBM 102"]
[Source "ChessBase"]
[SourceDate "2004.09.23"]
[SourceVersion "1"]
[SourceVersionDate "2004.09.23"]
[SourceQuality "1"]

1. e4 e6 2. d4 d5 3. e5 {The Advance Variation is a very popular choice in
modern practice.} c5 4. c3 Qb6 5. Nf3 Bd7 6. Be2 (6. Bd3 cxd4 7. Nxd4 $5) 6...
Bb5 {The exchange of light-squared bishops is strategically goal for Black,
but quite often Black use same plan after exchange on d4 -} (6... cxd4 $5 7.
cxd4 Bb5 8. Nc3 Bxe2 9. Nxe2 {[%cal Ge2g3] with interesting and complicated
positions}) 7. dxc5 {Quite new plan.} (7. O-O {allows to black to continue
with his strategy by} Bxe2 8. Qxe2 Qa6 $5) ({Another possibility is} 7. c4 Bxc4
8. Bxc4 Qb4+ 9. Nbd2 dxc4 10. O-O $13) 7... Bxc5 8. b4 $5 Bxf2+ {Brave move,
but after} (8... Be7 9. a4 Bxe2 10. Qxe2 Nd7 11. a5 Qc7 12. O-O Rc8 13. Re1 Qc4
14. Qe3 {Wolf,A-Salewski,B/Dresden ZMD 2002//1-0 (36) initiative belongs to
white.}) (8... Bf8 9. O-O Bxe2 10. Qxe2 $14) 9. Kf1 {White has sacrificed a
pawn, but Black's bishop on f2 is in big danger.} Bd7 $146 ({It's clear that
after} 9... Bxe2+ $2 10. Qxe2 $18 {[%csl Rf2] black can't protect bishop
anymore.}) ({Worth considering} 9... Bc6 {with possible continuation} 10. Qd3 (
10. Qd2 $143 $2 Nh6 $1 {[%cal Gh6f5,Gh6g4]} 11. Qf4 Nf5 12. Bd3 Be3 13. Bxe3
Qxe3 14. Qxe3 Nxe3+ $17 {1/2-1/2 Larsson,P-Nyander,J/SWE t-ch 1992/ (50)})
10... a6 11. a4 Ne7 12. Ra2 Nf5 13. g4 Nh4 (13... Be3 $5) 14. a5 Qa7 15. Nxh4
Bxh4 16. Be3 b6 17. Bxb6 Qb7 18. Bd4 f6 $1 $132 {[%csl Rf1] Kristjansson,
S-Thorsson,O/ISL t-ch 1998/0-1 (40)}) 10. Qd2 $6 {[%cal Ge2d3]} (10. c4 $5 {
was more critical, however. Possibly, Black then could have continued} Na6 $5 (
{Not} 10... dxc4 $6 11. Na3 $1 $16) 11. c5 Nxc5 12. bxc5 Bxc5 (12... Qxc5 13.
Nbd2) 13. Nc3 (13. Nbd2 Ne7 14. Nb3 Ba4 $5 (14... Bb5 $5) 15. Rb1) 13... Ne7
14. Na4 (14. Rb1 Qc7 15. Nb5 Bxb5 16. Bxb5+ Nc6 17. Qc2 $36 {could be nice
alternative too}) 14... Bxa4 15. Qxa4+ Nc6 16. Bd3 $36 {and Black is in
serious danger. Possibly that Shirov had something in mind in this line.})
10... Nh6 $8 11. Bd3 $4 {[%mdl 8192] Terrible mistake!} ({Good or bad, but
Svidler had to try move} 11. c4 {with double-edged play. For example:} Na6 ({
Maybe Black had right and for sharp move} 11... Ng4 $5 {at least I didn't find
how White can get advantage -} 12. Qg5 (12. c5 Bxc5 13. bxc5 Qxc5 14. Bd3 Bb5
$36) 12... Be3 13. Qxg7 Bxc1 (13... Rf8 14. c5 Qd8 15. Nc3 $16) 14. Qxh8+ Ke7
15. c5 Qxb4 16. h3 $1 Ne3+ (16... Bb2 17. hxg4 Bxa1 18. Qf6+ Ke8 19. Nbd2 $40)
17. Kf2 Qxc5 18. Qf6+ Ke8 19. Qh8+ $11 {with draw.}) 12. c5 Nxc5 13. bxc5 Bxc5
14. Nc3 Nf5 $132 {This position is quite complicated , but I believe that
Black has nothing to worry about .}) ({BTW, in the case of} 11. a4 $5 {black
continues} a5 $1 $13) 11... Ng4 $17 {Finally Black takes control over the
critical e3 square.} 12. Qg5 $4 {This move loses quickly, but White already
hadn't a good choice:} ({For example,} 12. h3 Be3 $19) ({or} 12. Qf4 $5 f5 $1 (
12... h5 $143 13. h3 Be3 14. Bxe3 Nxe3+ 15. Ke2 Nf5 16. Bxf5 exf5 17. Rd1 {
and white still has some chances for survival.}) (12... Bb5 $143 13. Bxb5+
Qxb5+ 14. c4 Qxc4+ 15. Qxc4 dxc4 16. h3 Be3 (16... Ne3+ 17. Kxf2 Nc2 18. Na3
Nxa1 19. Bd2 $13) 17. Ke2 Bxc1 18. Rxc1 Nh6 19. Na3 $44) (12... Be3 $5 13. Bxe3
(13. Qxg4 Bxc1 14. Qxg7 Rf8 {with a clear advantage for Black.}) 13... Nxe3+
14. Ke2 $15) 13. h3 (13. exf6 Nxf6 14. Ke2 O-O $19) 13... Be3 14. Bxe3 Nxe3+
15. Ke2 Nxg2 16. Qg5 (16. Qd2 f4 17. Rg1 Nh4 $1) 16... f4 $1 $17 {[%csl Ge3]
[%cal Gg2e3]}) 12... Bb5 $1 $19 (12... Bg1 {or}) (12... Be1 $5 {winning as
well.}) 13. c4 (13. Qd2 Bxd3+ 14. Qxd3 Be3 15. Bxe3 Qxe3 $19) 13... Bg3 $1 {
It looks that it was not Svidler day!} (13... Be1 14. c5 Bxd3+ $19) (13... Bg3
14. Qd2 dxc4 15. hxg3 cxd3 16. a4 Bc6 $19) 0-1

[Event "Leon 17th"]
[Site "Leon"]
[Date "2004.06.06"]
[Round "2.3"]
[White "Svidler, Peter"]
[Black "Shirov, Alexei"]
[Result "1/2-1/2"]
[WhiteElo "2733"]
[BlackElo "2713"]
[Annotator "Avrukh,B"]
[PlyCount "57"]
[EventDate "2004.06.04"]
[EventType "k.o. (rapid)"]
[EventRounds "2"]
[EventCountry "ESP"]
[SourceTitle "CBM 102"]
[Source "ChessBase"]
[SourceDate "2004.09.23"]
[SourceVersion "1"]
[SourceVersionDate "2004.09.23"]
[SourceQuality "1"]

1. e4 c5 2. Nf3 Nc6 3. Bb5 g6 4. O-O Bg7 5. c3 Nf6 6. Qe2 {A fashionabe line
that seems to cause Black no problems. The present game doesn't change the
assesment of this line.} O-O 7. d4 d5 8. e5 Ne4 9. Be3 cxd4 10. cxd4 Bd7 11.
Nc3 $146 {The new try to fight for advantage .} (11. Bd3 Rc8 12. Nbd2 Nxd2 13.
Qxd2 Qa5 14. a3 Qxd2 15. Nxd2 f6 $11 {1/2-1/2 Svidler,P-Leko,P/Monte Carlo MNC
2004/The Week in Chess 491 (24)}) 11... Nxc3 12. bxc3 Na5 $1 {[%csl Ga2,Gc3]
Obviously Black doesn't face any problems after White's novelty, he has a very
easy play against white weakened pawns on the queenside.} 13. Bd3 {Surely the
exchange of the light-squared bishops would be clearly in black's favour.} Rc8
{[%csl Gc3]} 14. Rac1 Nc4 15. Bf4 Rc6 $5 {[%cal Gd8c8]} 16. Rb1 (16. Nd2 Nxd2 (
16... Nb2 $5 17. Bb5 Rb6 18. Bxd7 Qxd7 19. c4 $11) 17. Qxd2 Be6 (17... Qa5 18.
c4) 18. Rb1 b6 $11) 16... Qc8 17. Bg5 $2 {No wonder, that Peter tries somehow
to complicate the game, but his last move is too much, since after obvious
answer Black gets a clearly better game.} (17. Rfc1 $142 Bf5 18. Nd2 $11) (17.
Rb5 $142 $5 {[%csl Gd5]} a6 (17... Nb6 18. Ra5 $13) 18. Rxd5 Be6 19. Rc5 Rxc5
20. dxc5 Qxc5 21. Re1 $11 {[%cal Gf3d4]}) 17... f6 18. Bc1 ({Objectively
better was :} 18. exf6 $142 exf6 19. Bc1 {but after} Re8 20. Qd1 Rce6 {Black
keeps a clear positional advantage.} (20... Nd6 $5)) 18... fxe5 19. Nxe5 (19.
dxe5 $2 Bg4 $1 $17) 19... Nxe5 20. dxe5 Rxc3 21. Bg5 $2 (21. Bb2 $142 {would
be much better} Rc6 22. Bd4 b6 23. Qe3 {[%cal Gf1c1] and White keeps some
compensation.}) 21... Bf5 $1 $17 22. Bxf5 (22. Rfd1 Bxd3 23. Rxd3 Qc4 24. Rd2
e6 $17) 22... Rxf5 23. f4 e6 ({Very strong was :} 23... Bxe5 24. fxe5 Rxg5 25.
Qf2 Qc5 $1 $19) 24. Bf6 Bxf6 25. g4 Rc2 26. Qf3 Rc3 {Of course Black is
clearly better and he has a few possibilities to keep his advantage, but
Alexey decided to repeat the moves, since draw was enough for him to secure a
win in the final match.} ({After both} 26... Qc5+ 27. Kh1 Rc3 28. Qe2 Re3 29.
Qf2 (29. Qg2 Rxf4 30. Rxf4 Bxe5 $17) 29... Bh4 30. Qxh4 Rf7 $17) ({and} 26...
Bxe5 27. gxf5 Bd4+ 28. Kh1 gxf5 $17 {Black would keep a clear advantage.}) 27.
Qe2 (27. Qg2 $2 Rxf4 28. Rxf4 Bxe5 29. Rff1 Rc2 $19) 27... Rc2 28. Qf3 Rc3 29.
Qe2 1/2-1/2

[Event "FRA Cup final"]
[Site "Paris"]
[Date "2004.06.19"]
[Round "1"]
[White "Apicella, Manuel"]
[Black "Svidler, Peter"]
[Result "1/2-1/2"]
[WhiteElo "2539"]
[BlackElo "2733"]
[Annotator "Hazai,L"]
[PlyCount "121"]
[EventDate "2004.06.19"]
[EventType "team"]
[EventRounds "1"]
[EventCountry "FRA"]
[SourceTitle "CBM 102"]
[Source "ChessBase"]
[SourceDate "2004.09.23"]
[SourceVersion "1"]
[SourceVersionDate "2004.09.23"]
[SourceQuality "1"]

1. d4 Nf6 2. Nf3 g6 3. Bf4 Bg7 4. e3 O-O 5. Be2 c5 6. c3 b6 7. O-O Bb7 8. Nbd2
d6 9. h3 Nbd7 10. Bh2 a6 11. a4 {This quiet positional system is a reversed
Reti Opening. Black has no problems for equalization, although White's
position is so safe, that losing it is not easy at all.} cxd4 {Black
liquidates the tension in the [+], and now White has to decide.} (11... Qc7 {
- Zhukova-A.Kovacevic, Belgrade 2000 CBM 76}) (11... Ra7 {- Touzane-Al.David,
Cannes 2000 CBM 76}) 12. exd4 ({In case of} 12. cxd4 {the symmetry doesn't
bring White any real.}) 12... Bh6 {Now the h2 B is out of play and the >< f4
can be used as a stepping-stone for the black pieces.} (12... Ne4 13. Nxe4 Bxe4
14. Re1 Nf6 15. Nd2 Bb7 {It is not easy for White advancing his pawns without
creating painful weaknesses.} 16. Bc4 Qc7 17. Qb3 Rac8 18. Bf1 Bh6 $11 {
Karlik-Pisk, Czechia 1997}) (12... Nd5 13. Re1) (12... Qc7 13. Re1) 13. Re1 Rc8
{Other tries deserve attention as well:} (13... Qc7) (13... Nd5) 14. Bd3 Re8
15. Ne4 {The exchange of the light pieces may diminish the tension, but Black
has still some play on the << due to the minority attack.} (15. Qe2) 15... Nxe4
16. Bxe4 Bxe4 17. Rxe4 Nf6 18. Re2 (18. Re1 Qc7) 18... b5 {Black grabs the |^
on the << and the h2 B may become a bad one.} (18... Qc7) 19. axb5 axb5 20. Qb3
Qb6 21. Rae1 (21. Ree1 {holding the only opened a line was logical.} e6) 21...
e6 {Now at least there is a target for the B on d6.} 22. Nd2 Qc6 (22... Bxd2
23. Rxd2 Nd5 {looked promising with an excellent N on d5.}) 23. Nf1 (23. Ne4
Nxe4 24. Rxe4 d5 25. R4e2 Qc4 $15 {is a typical small but durable advantage
because of the minority attack on the <<.}) 23... Nd5 (23... Ra8 {taking
control over the a line was still possible.} 24. Ne3 Bxe3 25. Rxe3 Nd5 {
with some pressure on the light squares.}) 24. Ne3 Nxe3 25. fxe3 {/\ e4} e5 26.
e4 Qc4 27. Qxc4 (27. Qd1 b4 $15) 27... bxc4 {The P structure is still a bit
better for Black in view of the backward P on b2, and the h2 B remains passive.
} 28. Kf2 (28. Ra1 exd4 29. cxd4 Bg7 30. e5) 28... f6 (28... Ra8 29. dxe5 dxe5
30. Rd1 f6 31. Rd7) 29. Rd1 Kf7 {Now the penetration on the d line is parried.}
30. Kf3 (30. Ra1 Ra8) 30... Ke6 (30... Ra8 {grabbing the a line was the real
alternative.}) 31. Bg1 {/\ Be3 to get rid of the bad B.} (31. Ra1 Ra8 32. Ree1
Reb8) 31... f5 (31... Ra8 32. Be3 Bxe3 33. Kxe3 {and the R _|_ is drawish as
usual.}) 32. dxe5 dxe5 33. Be3 Bxe3 34. Kxe3 Red8 35. Red2 Rxd2 (35... f4+ 36.
Kf3 Rxd2 37. Rxd2) 36. Rxd2 Rb8 37. exf5+ gxf5 38. g4 $11 {and finally White
has evened out completely.} Rg8 (38... fxg4 39. hxg4 Rg8 40. Kf3) 39. gxf5+
Kxf5 40. Rf2+ Ke6 41. Ke4 Rg1 42. Rd2 Re1+ 43. Kf3 Rf1+ 44. Ke4 Rf4+ 45. Ke3
Rh4 46. Rh2 h6 47. Rh1 h5 48. Rh2 Kf5 49. Rf2+ Rf4 50. Rd2 Rf1 51. Rd8 Re1+ 52.
Kf3 Rh1 53. Rf8+ Ke6 54. Re8+ Kd6 55. Rd8+ Ke7 56. Rh8 Rxh3+ 57. Ke4 Kf6 58.
Rf8+ Kg5 59. Kxe5 Rh2 60. Ke4 Rd2 61. Rg8+ 1/2-1/2

[Event "Olympiad-36"]
[Site "Mallorca"]
[Date "2004.10.25"]
[Round "10"]
[White "Svidler, Peter"]
[Black "Lautier, Joel"]
[Result "1-0"]
[WhiteElo "2735"]
[BlackElo "2682"]
[Annotator "Ramirez Alvarez,A"]
[PlyCount "125"]
[EventDate "2004.10.15"]
[EventType "team-swiss"]
[EventRounds "14"]
[EventCountry "ESP"]
[SourceTitle "CBM 104"]
[Source "ChessBase"]
[SourceDate "2005.01.27"]
[SourceVersion "1"]
[SourceVersionDate "2005.01.27"]
[SourceQuality "1"]
[WhiteTeam "Russia"]
[BlackTeam "France"]
[WhiteTeamCountry "RUS"]
[BlackTeamCountry "FRA"]

1. e4 {Ftacnik} c5 2. Nf3 e6 3. d4 cxd4 4. Nxd4 Nc6 5. Nc3 a6 6. Be2 d6 {
A weird move order many people employ this days} 7. Be3 Nf6 8. f4 {Back to
normal main Scheveningen lines... but nor for long!} Be7 9. Qd2 $5 {Already
with the anticipation of whites next move. This move is rather unusual, yet it
has been seen at top levels now and then.} O-O 10. O-O-O {Both Svidler and
Lautier had previous experience with this line, Svidler, with white, drawing
Gavrikov and Lautier, with black, losing against Shirov.} Nd7 {The main line
is Nxd4. The text is seldomly played.} 11. Bf3 {But this move is new, and
probably Svidler had home prepared the following endgame transition. 11. g4 is
more natural and had occured in the previous games.  Ftacnik: 'Svidler comes
up with a fresh approach to a well known position, White uses a special method
to slow down Black's counterplay.'} (11. g4 Nxd4 12. Bxd4 b5 13. a3 Bb7 14. g5
Rc8 $13 {Leko,P-Kramnik,V/Dortmund 2001 1/2-1/2 (35)}) 11... Rb8 12. Nce2 Qa5
13. Nxc6 $1 {Svidler correctly asses this endgame as better for white, reasons
given below.} Qxd2+ 14. Rxd2 bxc6 15. Rhd1 Nb6 {[#]} (15... c5 {Ftacnik} 16.
Rxd6 Bxd6 17. Rxd6 e5 18. fxe5 Re8 19. Nc3 h6 $14) 16. Bxb6 $1 Rxb6 17. Rxd6 $1
$16 {[%mdl 1056] Basically "the" point. White will obtain a huge compensation
for this exchange, in form of a pawn (2 in the game) and more active pieces.}
Bxd6 18. Rxd6 e5 {'?!' Ftacnik. Virtually forced, everything else was
unplayable} (18... Bb7 19. e5 Rb8 20. b3 $16 {Black's pieces wont go anywhere.}
) (18... Rb7 $5 {Ftacnik} 19. Rxc6 (19. e5 Rd7 20. Nd4 Rxd6 21. exd6 c5 22. Nc6
Bd7 $11) 19... Rd7 20. c3 Bb7 21. Rc5 Rfd8 22. Nd4 $14) 19. fxe5 Re8 20. Nd4 {
Pressuring the weak pawns, of course e5 is taboo due to mate, and Bb7 is
strongly answered by e6!, so only Kf8 is left.} Kf8 21. e6 {'!' Ftacnik.
Anyways!} (21. Nxc6 $2 Rxe5 $1 $13 (21... Bb7 $2 22. Na5 $16)) 21... Bxe6 22.
e5 {The other pawn takes its place, the difference being the opening of the f3
bishop.} Bc4 23. b3 Bf1 24. Nxc6 g5 25. a4 {Whites game is much easier, mainly
due to the fact that the plan of "push the pawns and queen" is much easier
then "stop the pawns"} g4 {No need to give g2 up. The next few moves are very
precise from Peter, not allowing Lautier any counterplay, while keeping his
strong pawns and eliminating blacks weak ones.} (25... Rxe5 $2 26. Rd1 Rf5 27.
Nd4 Rf4 28. g3 $18 Rxf3 29. Nxf3 Be2 30. Ne5 Bxd1 31. Nd7+) 26. Bd5 (26. Bxg4
Bxg2 27. Nd4 Rxd6 28. exd6 Rd8 29. d7 Ke7 $14 {Creates unncesary complications.
}) 26... Rxe5 27. Rd8+ Re8 28. Rd7 Re1+ 29. Kb2 Rd1 30. Rxf7+ Ke8 31. Re7+ Kf8
32. Re5 {Black still hasn't created real counterplay.} Rd2 33. Kc1 $1 {Bd3 was
a threat.} Rf2 34. Rg5 {And now Svidler picks up the g4 pawn!} Ke8 35. Rxg4 {
3 pawns and more active pieces constitute a winning advantage here, despite
the exchange less.} Kd7 36. Ne5+ Kd6 37. Nc4+ Bxc4 38. Bxc4 Kc5 39. Bd3 h6 40.
a5 Rbf6 41. Kb2 R2f4 42. Rg7 Rf7 43. Rg3 Kb4 44. Bxa6 Kxa5 45. Bd3 {Perhaps
the rest might be spared, white already has 2 passed pawns, and will create a
third one in the king side. The rooks are useless against this.} Rf2 46. Rh3
R7f6 47. Rh5+ Kb6 48. g4 Rd6 49. Ka3 Rg2 50. h3 Rg3 51. Kb4 Rd4+ 52. Kc3 Rd6
53. Kc4 Rf3 54. b4 $18 Rf4+ 55. Kb3 Rf3 56. Ka4 Rg3 57. Be4 Rc3 58. Bd3 Kb7 59.
h4 Rc8 60. g5 hxg5 61. hxg5 Rd4 62. g6 Rg4 63. Bf5 1-0